000 01115cam a2200301 a 4500
003 CHAP
005 20220817043609.0
008 000124 1990 us r 00010 eng d
010 _a79429
011 _a80401
035 _a90851
040 _cCHAP
090 _aR-3634
100 0 0 _aMundlak, Yair.
_979475
245 0 _aAgricultural growth and world developments
_c/by Yair Mundlak
500 _aSobretiro de: Agriculture and govermments in an interdependent world, proceedings of the International Coference of Agricultural Economists held (20 : 19889 : Buenos Aires), ed. by Allen Maunder and Alberto Valdés, 1990. p. 31-46.
590 _aBATCH-UPD
_b10
_c20130110
_lUCH01
_h1028
590 _aBATCH-UPD
_b10
_c20130410
_lUCH01
_h0631
590 _aBATCH-UPD
_b10
_c20130914
_lUCH01
_h1151
590 _aCONVERSION
_b10
_c20130109
_lUCH01
_h1344
650 1 4 _aAgricultura
_xAspectos económicos.
650 1 4 _aDesarrollo económico.
650 1 4 _aProductos agrícolas
_xPrecios.
_992004
901 _aBK
905 _aBlanca M. García O.
942 _cREIMP
949 _aR-3634
_bBC
_cR
_d908511
_eTS1
_i90851
_sb
999 _c79429
_d79429